Score 0/30 Timer 20:00
0 Plays Today
Hint Answer % Correct
Which werewolf bit Lupin, passing on the curse?Fenrir Greyback
93.9%
What does Ginny name her pet Pygmy Puff?Arnold
91.4%
Who does Hermione go to Slughorn's christmas party with?Cormac McLaggen
89.6%
Where did Dumbledore's Army have their first unofficial meeting?The Hogs Head
88.6%
What was the name of Hepzibah Smith's house elf?Hokey
85.7%
Who does Fleur Delacour go to the Yule ball with?Roger Davies
81.1%
What is the name of Aunt Marge's dog?Ripper
80.7%
What quidditch team is Gwenog Jones the captain of?Holyhead Harpies
80.4%
What was the year that Dumbledore defeated Grindelwald?1945
80%
Who does Moaning Myrtle say bullied her when she was at Hogwarts?Olive Hornby
78.9%
What is the name of the street that Snape lived in?Spinners End
78.2%
Name the third brother; Ignotus, Cadmus and... ?Antioch
74.6%
What is the name of Hagrid's giantess mother?Fridwulfa
73.9%
What is the name of the closest town to The Burrow?Ottery St Catchpole
73.2%
What deadly gift killed Broderick Bode?Devils Snare
69.3%
Hint Answer % Correct
What is the date of Nearly Headless Nick's deathday?October 31
69.3%
What animal does Ginny Weasley's patronus take the form of?Horse
68.2%
What is the name of the ministry official whose memory of visiting the Gaunt family Dumbledore uses in his pensieve during his private lessons with Harry?Bob Ogden
67.5%
What was the name of the woman who ran Wool's Orphanage while Tom Riddle was there?Mrs Cole
63.6%
Who did Fred and George push into the vanishing cabinet in the fifth book?Graham Montague
62.5%
What is Madam Hooch's first name?Rolanda
61.8%
Which two members of the Order of the Phoenix come to collect the Dursleys in the seventh book?Hestia Jones and Dedalus Diggle
56.4%
What was the surname of the muggle who ran the campsite at the Quidditch World Cup Final?Roberts
52.5%
What did Xenophilius Lovegood say that Luna was collecting from the river outside their house when Harry, Ron and Hermione went to visit him in the seventh book?Plimpies
51.8%
What is Cornelius Fudge's middle name?Oswald
51.1%
What is Percy Weasley's middle name?Ignatius
47.5%
What the number of the Potters' vault at Gringotts?687
44.6%
What is the name of the member of the Order of the Phoenix who was sent to Azkaban for trying to get into the Department of Mysteries while under the imperius curse?Sturgis Podmore
43.9%
What was the name of Slytherin's seeker in Harry's first year?Terence Higgs
40.4%
What is the name of the town where Harry and Dumbledore find Slughorn in the sixth book?Budleigh Babberton
38.6%
Remove Ads.
Support Sporcle.
Get the best of Sporcle when you Go Orange. This ad-free experience offers more features, more stats, and more fun while also helping to support Sporcle. Thank you for becoming a member.

You're not logged in!

Compare scores with friends on all Sporcle quizzes.
OR
Log In

Show Comments

Extras

Created Dec 11, 2014ReportNominate
Tags:Harry Potter Quiz, obscure

Top Quizzes Today


Score Distribution

Your Account Isn't Verified!

In order to create a playlist on Sporcle, you need to verify the email address you used during registration. Go to your Sporcle Settings to finish the process.

Report this User

Report this user for behavior that violates our Community Guidelines.

Details: